Broadway Lyrics (Fiddler on the Roof 2) Quiz Stats

 Plays Quiz not verified by Sporcle

Support Sporcle.
Go Orange.
Score 0/141 Timer 10:00
0 Plays Today
Lyrics % Correct
I
96.2%
I
96.2%
I
96.2%
I
96.2%
I
96.2%
I
96.2%
I
96.2%
I
96.2%
I
96.2%
I
96.2%
I
96.2%
I
96.2%
I
96.2%
I
96.2%
a
93%
the
93%
the
93%
the
93%
a
93%
the
93%
a
93%
the
93%
the
93%
you
81.8%
to
79.3%
to
79.3%
love.
79.3%
to
79.3%
to
79.3%
to
79.3%
to
79.3%
love.
79.2%
love.
79.2%
love.
79.2%
love
79.2%
do
75.8%
do,
75.8%
Oh
74.8%
me,
74.2%
from
72.1%
from
72.1%
home
71.1%
home
71.1%
home
71.1%
home
71.1%
home
71.1%
home.
71.1%
Lyrics % Correct
what
69.6%
far
69.6%
what
69.6%
far
69.6%
can
69.4%
is
68.7%
be
68.6%
be
68.6%
go
68.3%
go
68.3%
in
66.9%
my
66.5%
my
66.5%
my
66.5%
my
66.5%
How
66.3%
who
65.8%
Who
65.8%
who
65.8%
Who
65.8%
why
65.4%
Why
65.4%
man
65.2%
where
63.5%
where
63.5%
must
62.5%
must
62.5%
must
62.5%
that
61.5%
make
61.3%
of
61.3%
this
61%
land
60.7%
I'm
59.4%
him
59.2%
him
59.2%
could
59%
could
59%
would
59%
could
59%
was
58.6%
was
58.6%
was
58.6%
understand
58.5%
travel
57.7%
with
57.6%
with
57.6%
Lyrics % Correct
distant
56.8%
Here
56.8%
There
56.3%
there
56.3%
so
56.2%
are
55.5%
see
54.6%
come
54.4%
but
53.9%
hope
53.8%
hope
53.8%
as
52.7%
change
51.5%
dreams?
51%
dreams
51%
now
50.7%
people
50.3%
heart
50%
heart
50%
Close
49.4%
close
49.4%
Once
49.2%
wanting
48.5%
wanting
48.5%
content
48.2%
choice
46.3%
shape
46.2%
melancholy
45.8%
his
44.2%
happily
44.1%
I'd
43.9%
Yet
43.1%
grow
42.7%
stand
42%
watching
41.5%
ev'ry
41.5%
dim.
41%
long
40.6%
older
40.4%
Leaving
39.9%
has
39.4%
Helpless
37.7%
ago
36.5%
imagine
35.4%
wandering
35.2%
Closing
34.6%
settled
32%

You're not logged in!

Compare scores with friends on all Sporcle quizzes.
OR
Log In

From the Vault

In Plain English: Hamlet

by druhutch

To click or not to click...
Remove Ads.
Support Sporcle.
Get the best of Sporcle when you Go Orange. This ad-free experience offers more features, more stats, and more fun while also helping to support Sporcle. Thank you for becoming a member.

Show Comments

Extras

Top Quizzes Today


Score Distribution

Your Account Isn't Verified!

In order to create a playlist on Sporcle, you need to verify the email address you used during registration. Go to your Sporcle Settings to finish the process.

Report this User

Report this user for behavior that violates our Community Guidelines.

Details: